ბათუმის შოთა რუსთაველის სახელმწიფო უნივერსიტეტის ბიბლიოთეკა

Автоматическое регулирование процессов переработки нефти. (ბიბ.ჩანაწერი № 40380)

000 -LEADER
fixed length control field 00827nam a2200229Ia 4500
001 - CONTROL NUMBER
control field 6988
003 - CONTROL NUMBER IDENTIFIER
control field GE_BSU
008 - FIXED-LENGTH DATA ELEMENTS--GENERAL INFORMATION
fixed length control field 181216s||||||||xx |||||||||||||| ||und||
040 ## - CATALOGING SOURCE
Transcribing agency GE_BSU
080 ## - UNIVERSAL DECIMAL CLASSIFICATION NUMBER
Universal Decimal Classification number 621.317(075.32)
100 ## - MAIN ENTRY--PERSONAL NAME
Personal name Андерс,В.Р. Антаев,Н.Ф.
245 ## - TITLE STATEMENT
Title Автоматическое регулирование процессов переработки нефти.
245 ## - TITLE STATEMENT
Remainder of title Учебник.
245 ## - TITLE STATEMENT
Statement of responsibility, etc. Вед. ред. П.Р.Ершов.
250 ## - EDITION STATEMENT
Edition statement Изд. второе, исправленное и дополненное.
260 ## - PUBLICATION, DISTRIBUTION, ETC.
Place of publication, distribution, etc. М.
260 ## - PUBLICATION, DISTRIBUTION, ETC.
Name of publisher, distributor, etc. Гостоптехиздат.
260 ## - PUBLICATION, DISTRIBUTION, ETC.
Date of publication, distribution, etc. 1954.
300 ## - PHYSICAL DESCRIPTION
Extent 260стр;21см;илл.
653 ## - INDEX TERM--UNCONTROLLED
Uncontrolled term Автоматическое регулирование процессов переработки нефти.
942 ## - ADDED ENTRY ELEMENTS (KOHA)
Koha item type წიგნი
ეგზემპლარები
Withdrawn status Lost status Damaged status Not for loan Date acquired Barcode Date last seen Price effective from Koha item type
        2018-12-17 9621 2018-12-17 2018-12-17 წიგნი